Judging Europe's judges : the legitimacy of the case law of the European Court of Justice examined

After successive waves of EU enlargement, and pursuant to the entry into force of the Lisbon Treaty, the European Court of Justice finds itself on the brink of a new era. Both the institution itself and the broader setting within which it operates have become more heterogeneous than ever before. The...

Täydet tiedot

Tallennettuna:
Bibliografiset tiedot
Aineistotyyppi: Kirja
Kieli:Undetermined
Julkaistu: Oxford Hart Publishing 2013
Aiheet:
Tagit: Lisää tagi
Ei tageja, Lisää ensimmäinen tagi!
Thư viện lưu trữ: Trung tâm Học liệu Trường Đại học Cần Thơ
LEADER 01273nam a2200217Ia 4500
001 CTU_211653
008 210402s9999 xx 000 0 und d
020 |c 1866000 
082 |a 347 
082 |b J92 
245 0 |a Judging Europe's judges : 
245 4 |b the legitimacy of the case law of the European Court of Justice examined 
245 0 |c edited by Maurice Adams ... [et al.] 
260 |a Oxford 
260 |b Hart Publishing 
260 |c 2013 
520 |a After successive waves of EU enlargement, and pursuant to the entry into force of the Lisbon Treaty, the European Court of Justice finds itself on the brink of a new era. Both the institution itself and the broader setting within which it operates have become more heterogeneous than ever before. The issues now arriving on its docket are also often of great complexity, covering an unprecedented number of fields. The aims of this volume are to study the impact of these developments, examine the legitimacy of the Court''s output in this novel context and provide an appraisal of its overall perfor. 
650 |a Judges,Thẩm phán 
650 |z European Union countries,Các nước Liên minh Châu Âu 
904 |i Bằng 
980 |a Trung tâm Học liệu Trường Đại học Cần Thơ